| 000 | 00468nam a2200169Ia 4500 | ||
|---|---|---|---|
| 008 | 210210b2005 xxu||||| |||| 00| 0 eng d | ||
| 020 | _a81 8004 002 X | ||
| 082 | _a574.192028 PATL | ||
| 100 | _aPATTABIRAMAN (T N). | ||
| 245 | _aLaboratory manual and practical biochemistry. Ed.4. | ||
| 250 | _a | ||
| 260 |
_aN D _bAll India Publishers and Distributors _c2005 |
||
| 300 | _a140 | ||
| 650 | _aPractical Biochemistry | ||
| 690 | _aBiochemistry | ||
| 906 | _a060634 | ||
| 999 |
_c107588 _d107588 |
||